[Event "Udine Oro Caffe op 3rd"]
[White "Fermo, Ruggero"]
[Black "Visintin, Roberto"]
[Site "Udine"]
[Round "7"]
[Result "0-1"]
[Date "2010.07.11"]
[WhiteElo "1901"]
[BlackElo "2031"]
[PlyCount "76"]
[EventDate "2010.07.05"]
[EventType "swiss"]
[EventRounds "7"]
[EventCountry "ITA"]
[SourceTitle "EXT 2024"]
[Source "ChessBase"]
[SourceDate "2023.10.10"]
[SourceVersion "1"]
[SourceVersionDate "2023.10.10"]
[SourceQuality "1"]

1. e4 Nf6 2. Nc3 d5 3. e5 Ne4 4. d4 Nxc3 5. bxc3 Bf5 6. Ne2 e6 7. Ng3 Bg6 8. h4 h6 9. h5 Bh7 10. Bd3 Bxd3 11. Qxd3 Qd7 12. a4 Nc6 13. 0-0 Na5 14. f4 Nc4 15. f5 0-0-0 16. Rf2 Be7 17. Nf1 exf5 18. Qxf5 Qxf5 19. Rxf5 f6 20. Ne3 fxe5 21. Nxc4 dxc4 22. Rxe5 Bd6 23. Rf5 Rhf8 24. Rf3 Rxf3 25. gxf3 Rf8 26. Kg2 Rf5 27. Be3 Rxh5 28. f4 Rf5 29. Kg3 Rf7 30. Rh1 Kd7 31. Kg4 Re7 32. Kf3 c6 33. Rh4 Ke6 34. Bf2 Rf7 35. Bg3 Rf5 36. Rh1 Ra5 37. Ke4 Kf7 38. Rb1 b6 0-1

[Event "Udine Oro Caffe op 3rd"]
[White "Fermo, Ruggero"]
[Black "De Poi, Paolo"]
[Site "Udine"]
[Round "5"]
[Result "0-1"]
[Date "2010.07.09"]
[WhiteElo "1901"]
[BlackElo "2198"]
[PlyCount "104"]
[EventDate "2010.07.05"]
[EventType "swiss"]
[EventRounds "7"]
[EventCountry "ITA"]
[SourceTitle "EXT 2024"]
[Source "ChessBase"]
[SourceDate "2023.10.10"]
[SourceVersion "1"]
[SourceVersionDate "2023.10.10"]
[SourceQuality "1"]

1. e4 c5 2. Nf3 d6 3. d4 cxd4 4. Nxd4 Nf6 5. Nc3 g6 6. Be3 Bg7 7. Be2 0-0 8. 0-0 Nc6 9. Bf3 Bd7 10. Qd2 Rc8 11. a3 a6 12. h3 Ne5 13. Be2 Nc4 14. Bxc4 Rxc4 15. b3 Rc8 16. f3 Re8 17. Rad1 b5 18. Nb1 Qc7 19. c3 Qb7 20. Rfe1 Rc7 21. b4 Rec8 22. Nb3 Be6 23. Na5 Qb8 24. Qf2 Nd7 25. Rc1 Ne5 26. Red1 Bc4 27. Bb6 Rd7 28. Qe3 Ba2 29. Nd2 Nc4 30. Ndxc4 Bxc4 31. f4 Bh6 32. Qf2 Bxf4 33. Qxf4 Qxb6+ 34. Kh1 Be6 35. Rd3 Qd8 36. h4 f6 37. g4 Rdc7 38. g5 fxg5 39. Qxg5 Qf8 40. Qg3 Qh6 41. Qg5 Qxg5 42. hxg5 Rf8 43. Rg3 Rf2 44. Kg1 Ra2 45. c4 bxc4 46. Rgc3 Kg7 47. R1c2 Rxc2 48. Rxc2 h6 49. gxh6+ Kxh6 50. Rc3 Kg5 51. Kf2 Kf4 52. Re3 c3 0-1

[Event "Udine Oro Caffe op 3rd"]
[White "Fermo, Ruggero"]
[Black "Santacroce, Fidel"]
[Site "Udine"]
[Round "3"]
[Result "1-0"]
[Date "2010.07.07"]
[WhiteElo "1901"]
[BlackElo "1589"]
[PlyCount "60"]
[EventDate "2010.07.05"]
[EventType "swiss"]
[EventRounds "7"]
[EventCountry "ITA"]
[SourceTitle "EXT 2024"]
[Source "ChessBase"]
[SourceDate "2023.10.10"]
[SourceVersion "1"]
[SourceVersionDate "2023.10.10"]
[SourceQuality "1"]

1. e4 c5 2. c3 d5 3. exd5 Qxd5 4. Nf3 Bg4 5. Be2 Nc6 6. 0-0 e6 7. Na3 Qd8 8. Nc4 Nf6 9. h3 Bf5 10. d3 Be7 11. Ne3 Bg6 12. Nh4 0-0 13. Nxg6 hxg6 14. Qc2 a6 15. a3 Qc7 16. g3 Rfd8 17. Bd2 Rac8 18. Rac1 b5 19. a4 Qb6 20. Qd1 Ne5 21. Qc2 Qd6 22. Rcd1 Nh5 23. Ng2 bxa4 24. Be3 Qc6 25. g4 Nf6 26. f4 Ned7 27. Bf3 Qb5 28. c4 Qb3 29. Qxb3 axb3 30. Bb7 Rc7 1-0

[Event "Udine Oro Caffe op 1st"]
[White "Fermo, Ruggero"]
[Black "Bisaro, Andrea"]
[Site "Udine"]
[Round "6"]
[Result "1-0"]
[Date "2008.07.10"]
[WhiteElo "1765"]
[BlackElo "1614"]
[PlyCount "42"]
[EventDate "2008.07.05"]
[EventType "swiss"]
[EventRounds "6"]
[EventCountry "ITA"]
[SourceTitle "EXT 2010"]
[Source "ChessBase"]
[SourceDate "2010.11.25"]
[SourceVersion "1"]
[SourceVersionDate "2010.11.25"]
[SourceQuality "1"]

1. e4 Nc6 2. c4 Nf6 3. Nc3 g6 4. d4 d6 5. h3 Bg7 6. Nf3 0-0 7. Be3 e5 8. d5 Ne7 9. Be2 Ne8 10. 0-0 f5 11. exf5 Nxf5 12. Bg5 Bf6 13. Ne4 Bxg5 14. Nexg5 Nf6 15. Qd3 Ng7 16. Rac1 Ngh5 17. Ne4 Nf4 18. Qc2 Bd7 19. a4 Qc8 20. Ne1 Bxh3 21. Nxf6+ Rxf6 1-0